| 000 | 00415nam a2200157Ia 4500 | ||
|---|---|---|---|
| 008 | 230524s9999 xx 000 0 und d | ||
| 082 |
_a621.3 _bLIM |
||
| 100 | _aLimyung-Kuo | ||
| 245 | 0 | _aProblems and Solutions on Solid StatePhysicsRelativityAnd Miscelaneous | |
| 250 | _a1ST | ||
| 260 |
_aCALCUTTA _bSarat Book _c2002 |
||
| 300 | _aIX;354 | ||
| 500 | _aQuantity Number: 2 | ||
| 650 | _aPhysics | ||
| 942 | _cBK | ||
| 999 |
_c21399 _d21399 |
||